Interim report of the delhi police commission (Record no. 493916)

000 -LEADER
fixed length control field 00353cam a22001097a 4500
008 - FIXED-LENGTH DATA ELEMENTS--GENERAL INFORMATION
fixed length control field 180718b1966 xxu||||| |||| 00| 0 eng d
082 ## - DEWEY DECIMAL CLASSIFICATION NUMBER
Classification number N4x5461 In/Int
245 ## - TITLE STATEMENT
Title Interim report of the delhi police commission
Statement of responsibility, etc. by Ministry of Home Affairs
260 ## - PUBLICATION, DISTRIBUTION, ETC.
Place of publication, distribution, etc. Delhi
Name of publisher, distributor, etc. Ministry of Home Affairs
Date of publication, distribution, etc. 1966
300 ## - PHYSICAL DESCRIPTION
Extent 81p.
700 ## - ADDED ENTRY--PERSONAL NAME
Personal name India. Ministry of Home Affair
Holdings
Withdrawn status Lost status Damaged status Not for loan Permanent Location Current Location Date acquired Full call number Barcode Date last seen Price effective from Koha item type
        Indian Institute of Public Administration Indian Institute of Public Administration 2018-08-04 N4x5461 In/Int GG9328 2018-08-04 2018-08-04 GG
        Indian Institute of Public Administration Indian Institute of Public Administration 2018-08-04 N4x5461 In/Int GG7304 2018-08-04 2018-08-04 GG

Powered by Koha